Účtovanie stravovania prostredníctvom elektronických kariet

Podľa §152 zákona č.311/2001 Z.z. Zákonník práce v znp., zamestnávateľ je povinný zabezpečovať zamestnancom vo všetkých zmenách stravovanie zodpovedajúce zásadam správnej výživy priamo na pracoviskách alebo v ich blízkosti. Zamestnávateľ prispieva na stravovanie v sume najmenej 55% ceny jedla. Jedno...

Description complète

Enregistré dans:
Détails bibliographiques
Auteur principal: Urbanová, Terézia
Format: Chapitre de livre
Langue:slovaque
Sujets:
Tags: Ajouter un tag
Pas de tags, Soyez le premier à ajouter un tag!

MARC

LEADER 00000naa a2200000 4500
001 0269873
005 20201116145156.4
041 0 |a slo 
044 |a SK 
245 1 0 |a Účtovanie stravovania prostredníctvom elektronických kariet  |c Terézia Urbanová 
520 |a Podľa §152 zákona č.311/2001 Z.z. Zákonník práce v znp., zamestnávateľ je povinný zabezpečovať zamestnancom vo všetkých zmenách stravovanie zodpovedajúce zásadam správnej výživy priamo na pracoviskách alebo v ich blízkosti. Zamestnávateľ prispieva na stravovanie v sume najmenej 55% ceny jedla. Jednou z možností zabezpečenia stravovania je stravovanie zamestnancov prostredníctvom elektronických kariet. 
610 2 0 |a stravovanie zamestnancov 
610 2 0 |a zamestnávatelia 
610 2 0 |a príspevky nenávratné 
610 2 0 |a účtovanie 
610 2 0 |a elektronizácia 
610 2 0 |a karty čipové 
100 1 |a Urbanová, Terézia